Deutsch als Fremdsprache I A. Strukturübungen und Tests.

Saved in:
Bibliographic Details
Main Author: Blaasch, Hans-Werner
Format: Book
Language:Italian
Published: Stuttgart Ernst Klett 1970
Textbook Catalogue:MANES:  Library Catalog Search Result
Textbook Classification:
Tags: Add Tag
No Tags, Be the first to tag this record!
Added to:2021-05-11
Changed in:2025-05-07

MARC

LEADER 00000nam a22000007a 4500
005 20250507133430.0
008 210512b ||||| |||| 00| 0 ita d
040 |a centro_manes  |c Centro_internacional de la cultura escolar 
100 |a Blaasch, Hans-Werner  |9 35926 
245 |a Deutsch als Fremdsprache I A. Strukturübungen und Tests. 
260 |a Stuttgart  |b Ernst Klett  |c 1970 
300 |a 127 p.  |c 21 x 15 cm  
500 |a Sin ilustraciones. Contiene ejercicios para el alumno. 
546 |a España 
561 |5 es-CICE  |3 FMa/LE362  |a España. Centro Internacional de la Cultura Escolar  |k MANES 
690 0 |a LE 
691 0 |a SE 
942 |2 ddc  |c BK 
999 |c 92115  |d 92115 
999 |c manes:92115  |d 92115